أساسيات البحث و مشاريع التخرج ... / (رقم التسجيلة. 130564)

تفاصيل مارك
000 -الفاتح
عناصر البيانات ثابتة الطول 00733cam a2200205 i 4500
005 - تاريخ ووقت آخر معاملة
حقل ضبط 20251108175302.0
008 - عناصر البيانات ثابتة الطول
عناصر البيانات ثابتة الطول 250721s2011 jo gr 000 0 ara d
020 ## - الترقيم الدولي المعياري للكتب (ردمك)
الترقيم الدولي المعياري للكتب (ردمك) 9789957244927
082 14 - رقم تصنيف ديوي العشري
رقم التصنيف 001.42
رقم المادة ج ب ر
100 1# - مدخل رئيسي – اسم شخصي
الاسم الشخصي جبرين، علي هادي
علاقة الشخص بالعمل/ دوره مؤلف.
245 10 - بيان العنوان
العنوان أساسيات البحث و مشاريع التخرج ... /
بيان المسؤولية الدكتور علي هادي جبرين.
250 ## - بيان الطبعة
بيان الطبعة الطبعة الاولى.
264 31 - بيانات النشر، التوزيع…إلخ
مكان النشر، التوزيع...إلخ عمان :
اسم الناشر، الموزع...إلخ دار صفاء للنشر والتوزيع،
تاريخ النشر، التوزيع...إلخ 2010.
300 ## - الوصف المادي
عدد الوحدات المكونة للوعاء 266 صفحة.
650 17 - مدخل إضافي بالموضوع - مصطلح موضوعي
مصطلح موضوعي أو اسم جغرافي كعنصر مدخل اساليب البحث.
650 17 - مدخل إضافي بالموضوع - مصطلح موضوعي
مصطلح موضوعي أو اسم جغرافي كعنصر مدخل تقارير البحوث.
650 17 - مدخل إضافي بالموضوع - مصطلح موضوعي
مصطلح موضوعي أو اسم جغرافي كعنصر مدخل الادارة العامة.
942 ## - بيانات إضافية (كوها)
نوع التنصيف Dewey Decimal Classification
نوع المادة (كوها) كتب
المقتنيات
حالة السحب حالة الفقدان مصدر التصنيف حالة التلف غير قابل للإعارة المكتبة الرئيسية المكتبة الحالية موقع الرف تاريخ التزويد الرقم المتسلسل Total Checkouts رقم الإستدعاء الباركود تاريخ آخر ظهور تاريخ الفاتورة نوع المادة (كوها)
    Dewey Decimal Classification     المكتبة المركزية المكتبة المركزية الإعارة 28/07/2025 1585741   001.42 / ج ب ر PLD00309773 28/07/2025 28/07/2025 كتب
    Dewey Decimal Classification     المكتبة المركزية المكتبة المركزية مقتنيات قسم التزويد 28/07/2025 1738992   001.42/جبر   28/07/2025 28/07/2025 كتب
    Dewey Decimal Classification     مكتبة أبو علندا العامة مكتبة أبو علندا العامة الإعارة 11/11/2014 1585745   001.42/جبر PLD00310100 28/07/2025 11/11/2014 كتب
    Dewey Decimal Classification     مكتبة وادي السير العامة مكتبة وادي السير العامة الإعارة 11/11/2014 1585744   001.42/جبر PLD00310099 28/07/2025 11/11/2014 كتب
    Dewey Decimal Classification     مكتبةمؤتة مكتبةمؤتة الإعارة 11/11/2014 1585743   001.42/جبر PLD00310098 28/07/2025 11/11/2014 كتب
Implemented & Customized by: BBB with SCIT (Smart Chains for Information Technology)

Powered by Koha